الكيمياء الصناعية/ (Record no. 6339)
[ view plain ]
| 000 -الفاتح | |
|---|---|
| حقل البيانات ثابتة الطول | 00923nac a22002051u 4500 |
| 008 - عناصر البيانات ثابتة الطول - معلومات عامة | |
| حقل البيانات ثابتة الطول | 100810s1977 ua|||||r|||| 001 0 ara d |
| 020 ## - الرقم الدولى المعيارى للكتب | |
| الرقم الدولى المعيارى للكتاب | 706585X |
| 082 ## - رقم تصنيف ديوى العشرى | |
| رقم التصنيف | 661 |
| رقم المادة | س ت ا |
| 100 ## - المدخل الرئيسى - إسم شخصى | |
| الإسم الشخصى | ستابف،هلموت |
| 9 (RLIN) | 17329 |
| 245 ## - بيان العنوان | |
| العنوان | الكيمياء الصناعية/ |
| بيان المسئوليه,etc | تأليف هلموت ستابف؛ترجمة محمد اسماعيل عبد اللطيف |
| 260 ## - PUBLICATION, DISTRIBUTION, ETC. (IMPRINT) | |
| مكان الناشر او الموزع | القاهرة: |
| اسم الناشر او الموزع | الأهرام، 1977 |
| تاريخ النشر أو التوزيع | 1977. |
| 300 ## - الوصف المادى | |
| التعداد | 219 ص: |
| تفاصيل ماديه اخرى للوعاء | ايض؛ |
| أبعاد الوعاء | 18 سم |
| 490 ## - بيان السلسلة | |
| -- | 17331 |
| عنوان السلسلة | الأسس التكنولوجية |
| 541 ## - تبصرة المصدر المباشر للتزويد | |
| طريقة التزويد | شراء؛ |
| 650 ## - المدخل الاضافى بالموضوع-مصطلح موضوعى | |
| مصطلح موضوعي أو اسم جغرافي كعنصر مدخل | الكيمياء الصناعية |
| 9 (RLIN) | 17290 |
| 650 ## - المدخل الاضافى بالموضوع-مصطلح موضوعى | |
| مصطلح موضوعي أو اسم جغرافي كعنصر مدخل | الصناعات الكيماوية |
| 9 (RLIN) | 17332 |
| 700 ## - المدخل الاضافى - اسم شخصى | |
| الإسم الشخصى | عبد اللطيف،محمد اسماعيل |
| 9 (RLIN) | 17334 |
| الدور | مترجم |
| 942 ## - عناصر المدخل الإضافي( كوها) | |
| Koha [default] item type | Book - Borrowing |
| سابقة رقم الطلب | 661س ت ا |
| مصدر التصنيف او مخطط الترفيف | Dewey Decimal Classification |
| حالة التراجع | حالة الفقد | مصدر التصنيف او خطة الترفيف | حالة تلف | ليس للاعارة | مجموعات كوها | المكان الدائم | المكان الحالي | موقع الترفيف | تاريخ الاكتساب | Source of acquisition | رقم الاستدعاء | الباركود | Date last seen | مُعار | نوع الوعاء |
|---|---|---|---|---|---|---|---|---|---|---|---|---|---|---|---|
| Dewey Decimal Classification | Central Library | Central Library | First floor | 10/08/2010 | 661س ت ا | 000007904 | 15/07/2025 | 03/04/2018 | Book - Borrowing |